UBT Library

WORLD SECURITY CHALLENGES FOR A NEW CENTURY (Record no. 17387)

000 -LEADER
fixed length control field 00318nam a22001337a 4500
008 - FIXED-LENGTH DATA ELEMENTS--GENERAL INFORMATION
fixed length control field 170614b xxu||||| |||| 00| 0 eng d
020 ## - INTERNATIONAL STANDARD BOOK NUMBER
International Standard Book Number 9780312085841
041 ## - LANGUAGE CODE
Language code of text/sound track or separate title eng
080 ## - UNIVERSAL DECIMAL CLASSIFICATION NUMBER
Universal Decimal Classification number 94
100 ## - Rafti
Rafti 19
101 ## - Shkurtesa
Shkurtesa shh
245 ## - TITLE STATEMENT
Title WORLD SECURITY CHALLENGES FOR A NEW CENTURY
Statement of responsibility, etc KLARE.M.T
942 ## - ADDED ENTRY ELEMENTS (KOHA)
Source of classification or shelving scheme
Item type Books
Holdings
Withdrawn status Lost status Source of classification or shelving scheme Damaged status Not for loan Collection code Permanent location Current location Shelving location Date acquired Total Checkouts Full call number Barcode Date last seen Price effective from Koha item type
          Koleksioni i përgjithshem UBT - Lipjan UBT - Lipjan Koleksioni i përgjithshem 06/14/2017   94 KLA 002-29058252 06/14/2017 06/14/2017 Books
UBT Library © 2015-2024. All rights reserved University Education for Business and Technology